00408 2200157 4500001002100000005001500021035002000036245006200056100001800118300001200136260004600148082000800194084001400202020002200216990001200238INLIS00000000000263920250723074605 a0010-07250000031 aSuper Modul KSN SMA :bKimia Anorganik 2 /cRahmat Basuki0 aRahmat Basuki a164 hlm aJakarta :bPT. Jakarta Sains Media,c2022 a540 a540 RAH s a978-623-6111-21-5 a0754837